| 000 | 01442nam a2200265 4500 | ||
|---|---|---|---|
| 999 |
_c58065 _d58065 |
||
| 003 | Ge_BSU | ||
| 005 | 20221221110838.0 | ||
| 008 | 210604s2021 ge ||||| |||| 00| 0 eng d | ||
| 041 | _aeng | ||
| 080 | _a902 K-44 | ||
| 100 |
_aKilic, Sinan _911958 |
||
| 245 |
_aNortheast Anotolia in the Late Bronze and Early Iron Age : _b(14th - 7th Millennium BC) _cSinan Kilic; Supervisors Shota Mamuladze and Joni Apakidze; Batumi Shota Rustaveli University. Faculty of Humanities. Departament of History, Archaeology and Ethnology. |
||
| 264 |
_aBatumi, _c2021. |
||
| 300 |
_a228 p. _b30 cm. |
||
| 521 | _abibliogr. p. 161 - 204 | ||
| 653 | _aჩრდილო-აღმოსავლეთი ანოტოლია გვიან ბრინჯაოს და ადრე რკინის ხანაში | ||
| 653 | _aСеверо-Восточная Анотолия в эпоху поздней бронзы и раннего железного века | ||
| 653 | _aდისერტაცია | ||
| 653 | _aДиссертация | ||
| 653 | _aThesis | ||
| 700 |
_aMamuladze, Shota _eსამეცნიერო ხელმძღვანელი _911959 |
||
| 700 |
_aApakidze, Joni _eსამეცნიერო ხელმძღვანელი _911960 |
||
| 710 |
_aBatumi Shota Rustaveli University. Faculty of Humanities. _dDepartament of History, Archaeology and Ethnology. _911961 |
||
| 942 |
_2udc _cDS |
||